[Event "2024 US National High School (K-12) Championship"]
[Site "Baltimore, Maryland, United States"]
[Date "2024.04.05"]
[Round "1.7"]
[White "Huston, Gus"]
[Black "Mero, Daniel"]
[Result "1-0"]
[TimeControl "G/90; d10"]
[WhiteTitle "IM"]
[WhiteFideId "30909090"]
[BlackFideId "30969387"]
[WhiteElo "2460"]
[BlackElo "2039"]

1. e4 {[%clk 01:29:55]} {[%emt 00:00:14]} c5 {[%clk 01:30:00]} {[%emt
00:00:05]} 2. Nf3 {[%clk 01:29:55]} {[%emt 00:00:04]} Nc6 {[%clk 01:30:00]}
{[%emt 00:00:05]} 3. Bb5 {[%clk 01:29:49]} {[%emt 00:00:16]} e6 {[%clk
01:29:32]} {[%emt 00:00:40]} 4. O-O {[%clk 01:29:49]} {[%emt 00:00:06]} Nge7
{[%clk 01:29:32]} {[%emt 00:00:06]} 5. c3 {[%clk 01:29:38]} {[%emt 00:00:21]}
a6 {[%clk 01:28:46]} {[%emt 00:00:56]} 6. Ba4 {[%clk 01:29:38]} {[%emt
00:00:05]} d5 {[%clk 01:27:27]} {[%emt 00:01:30]} 7. exd5 {[%clk 01:28:10]}
{[%emt 00:01:36]} Qxd5 {[%clk 01:23:57]} {[%emt 00:03:41]} 8. d4 {[%clk
01:28:09]} {[%emt 00:00:11]} b5 {[%clk 01:16:47]} {[%emt 00:07:20]} 9. c4
{[%clk 01:27:51]} {[%emt 00:00:28]} bxc4 {[%clk 01:09:04]} {[%emt 00:07:53]} 10.
Nc3 {[%clk 01:27:51]} {[%emt 00:00:01]} Qf5 {[%clk 01:02:26]} {[%emt 00:06:49]}
11. d5 {[%clk 01:27:33]} {[%emt 00:00:27]} exd5 {[%clk 01:01:26]} {[%emt
00:01:11]} 12. Nxd5 {[%clk 01:27:33]} {[%emt 00:00:07]} Ra7 {[%clk 01:00:16]}
{[%emt 00:01:20]} 13. Nxe7 {[%clk 01:27:08]} {[%emt 00:00:35]} Bxe7 {[%clk
01:00:14]} {[%emt 00:00:12]} 14. Bxc6+ {[%clk 01:27:08]} {[%emt 00:00:05]} Bd7
{[%clk 01:00:14]} {[%emt 00:00:05]} 15. Qd5 {[%clk 01:26:50]} {[%emt 00:00:28]}
Qxd5 {[%clk 00:59:41]} {[%emt 00:00:42]} 16. Bxd5 {[%clk 01:26:50]} {[%emt
00:00:02]} O-O {[%clk 00:59:41]} {[%emt 00:00:10]} 17. Bxc4 {[%clk 01:26:50]}
{[%emt 00:00:02]} Bf6 {[%clk 00:59:36]} {[%emt 00:00:15]} 18. a4 {[%clk
01:26:25]} {[%emt 00:00:35]} 1-0

[Event "2024 US National High School (K-12) Championship"]
[Site "Baltimore, Maryland, United States"]
[Date "2024.04.05"]
[Round "1.8"]
[White "Swaminathan, Pranav"]
[Black "Lu, Maximillian"]
[Result "0-1"]
[TimeControl "G/90; d10"]
[BlackTitle "IM"]
[WhiteFideId "30970482"]
[BlackFideId "2096242"]
[WhiteElo "2036"]
[BlackElo "2452"]

1. d4 {[%clk 01:30:00]} {[%emt 00:00:08]} Nf6 {[%clk 01:30:00]} {[%emt
00:00:01]} 2. c4 {[%clk 01:30:00]} {[%emt 00:00:07]} e6 {[%clk 01:30:00]} 3.
Nf3 {[%clk 01:30:00]} {[%emt 00:00:05]} a6 {[%clk 01:30:00]} {[%emt 00:00:04]}
4. g3 {[%clk 01:28:24]} {[%emt 00:01:46]} b5 {[%clk 01:30:00]} {[%emt
00:00:03]} 5. cxb5 {[%clk 01:27:53]} {[%emt 00:00:41]} axb5 {[%clk 01:30:00]}
{[%emt 00:00:01]} 6. Bg2 {[%clk 01:27:53]} {[%emt 00:00:09]} Be7 {[%clk
01:28:34]} {[%emt 00:01:36]} 7. O-O {[%clk 01:27:41]} {[%emt 00:00:23]} O-O
{[%clk 01:28:09]} {[%emt 00:00:35]} 8. Bf4 {[%clk 01:26:09]} {[%emt 00:01:42]}
Bb7 {[%clk 01:26:51]} {[%emt 00:01:27]} 9. Qc2 {[%clk 01:21:36]} {[%emt
00:04:43]} Na6 {[%clk 01:25:30]} {[%emt 00:01:32]} 10. a3 {[%clk 01:19:51]}
{[%emt 00:01:56]} c5 {[%clk 01:24:00]} {[%emt 00:01:39]} 11. dxc5 {[%clk
01:16:07]} {[%emt 00:03:54]} Nxc5 {[%clk 01:18:24]} {[%emt 00:05:46]} 12. Nc3
{[%clk 01:15:41]} {[%emt 00:00:36]} Qb6 {[%clk 01:18:07]} {[%emt 00:00:27]} 13.
Be3 {[%clk 01:07:35]} {[%emt 00:08:16]} Qc6 {[%clk 01:16:38]} {[%emt 00:01:39]}
14. Ne1 {[%clk 01:05:00]} {[%emt 00:02:44]} d5 {[%clk 01:15:59]} {[%emt
00:00:49]} 15. Nd3 {[%clk 00:59:59]} {[%emt 00:05:11]} Rfc8 {[%clk 01:09:48]}
{[%emt 00:06:20]} 16. Rfc1 {[%clk 00:56:17]} {[%emt 00:03:53]} Nxd3 {[%clk
00:47:30]} {[%emt 00:22:28]} 17. Qxd3 {[%clk 00:55:49]} {[%emt 00:00:37]} Qd7
{[%clk 00:47:30]} {[%emt 00:00:11]} 18. Nxb5 {[%clk 00:43:24]} {[%emt
00:12:35]} Ba6 {[%clk 00:47:24]} {[%emt 00:00:16]} 19. a4 {[%clk 00:43:24]}
{[%emt 00:00:07]} e5 {[%clk 00:36:00]} {[%emt 00:11:35]} 20. Bg5 {[%clk
00:37:06]} {[%emt 00:06:28]} e4 {[%clk 00:36:00]} {[%emt 00:00:06]} 21. Qd4
{[%clk 00:34:54]} {[%emt 00:02:22]} h6 {[%clk 00:29:12]} {[%emt 00:06:58]} 22.
Bf4 {[%clk 00:28:50]} {[%emt 00:06:14]} Bxb5 {[%clk 00:27:54]} {[%emt
00:01:28]} 23. axb5 {[%clk 00:28:45]} {[%emt 00:00:16]} Rxa1 {[%clk 00:27:02]}
{[%emt 00:01:02]} 24. Rxa1 {[%clk 00:28:45]} {[%emt 00:00:07]} Qxb5 {[%clk
00:26:37]} {[%emt 00:00:35]} 25. Bh3 {[%clk 00:21:39]} {[%emt 00:07:16]} Bc5
{[%clk 00:22:08]} {[%emt 00:04:39]} 26. Qd2 {[%clk 00:20:29]} {[%emt 00:01:20]}
Re8 {[%clk 00:22:08]} {[%emt 00:00:06]} 27. e3 {[%clk 00:17:15]} {[%emt
00:03:24]} Qb6 {[%clk 00:15:49]} {[%emt 00:06:29]} 28. Bf1 {[%clk 00:09:22]}
{[%emt 00:08:02]} d4 {[%clk 00:15:39]} {[%emt 00:00:21]} 29. b4 {[%clk
00:06:45]} {[%emt 00:02:47]} Bxb4 {[%clk 00:09:48]} {[%emt 00:06:01]} 30. Qxd4
{[%clk 00:06:26]} {[%emt 00:00:29]} Qxd4 {[%clk 00:08:27]} {[%emt 00:01:31]} 31.
exd4 {[%clk 00:06:26]} {[%emt 00:00:01]} Rd8 {[%clk 00:06:34]} {[%emt
00:02:03]} 32. Rd1 {[%clk 00:05:37]} {[%emt 00:00:59]} Nd5 {[%clk 00:05:11]}
{[%emt 00:01:33]} 33. Be3 {[%clk 00:05:37]} {[%emt 00:00:08]} Rc8 {[%clk
00:05:11]} {[%emt 00:00:10]} 34. Rc1 {[%clk 00:04:23]} {[%emt 00:01:24]} Bc3
{[%clk 00:03:11]} {[%emt 00:02:10]} 35. Bd2 {[%clk 00:02:15]} {[%emt 00:02:18]}
Kf8 {[%clk 00:03:08]} {[%emt 00:00:14]} 36. Bg2 {[%clk 00:01:19]} {[%emt
00:01:05]} Rc7 {[%emt 00:01:15]} 37. Bxc3 {[%clk 00:01:11]} {[%emt 00:00:18]}
Rxc3 {[%clk 00:02:03]} {[%emt 00:00:10]} 38. Rxc3 Nxc3 {[%clk 00:02:03]} 39.
Kf1 {[%clk 00:00:50]} {[%emt 00:00:04]} Ke7 {[%clk 00:02:03]} {[%emt 00:00:08]}
40. Ke1 {[%clk 00:00:50]} {[%emt 00:00:04]} f5 {[%clk 00:02:03]} {[%emt
00:00:02]} 41. Kd2 {[%clk 00:00:50]} {[%emt 00:00:07]} Nd5 {[%clk 00:02:03]}
{[%emt 00:00:06]} 42. g4 {[%clk 00:00:41]} {[%emt 00:00:19]} Nf4 {[%clk
00:01:54]} {[%emt 00:00:19]} 43. Bh1 {[%clk 00:00:38]} {[%emt 00:00:13]} Kf6
{[%clk 00:00:22]} {[%emt 00:01:42]} 44. gxf5 {[%clk 00:00:26]} {[%emt
00:00:21]} Kxf5 {[%clk 00:00:22]} 45. f3 {[%clk 00:00:26]} {[%emt 00:00:02]}
exf3 {[%clk 00:00:22]} {[%emt 00:00:09]} 46. Bxf3 {[%clk 00:00:26]} {[%emt
00:00:02]} Ne6 {[%clk 00:00:22]} 47. Ke3 {[%clk 00:00:26]} {[%emt 00:00:07]} g5
{[%clk 00:00:22]} {[%emt 00:00:11]} 48. h3 {[%clk 00:00:26]} {[%emt 00:00:02]}
Nf4 {[%clk 00:00:18]} {[%emt 00:00:13]} 49. Be4+ {[%clk 00:00:24]} {[%emt
00:00:13]} Kf6 {[%clk 00:00:15]} {[%emt 00:00:14]} 50. h4 {[%clk 00:00:24]}
{[%emt 00:00:01]} Ne6 {[%clk 00:00:15]} {[%emt 00:00:07]} 51. hxg5+ {[%clk
00:00:24]} {[%emt 00:00:03]} hxg5 {[%clk 00:00:15]} {[%emt 00:00:01]} 52. Ba8
{[%clk 00:00:24]} {[%emt 00:00:08]} Nc7 {[%clk 00:00:15]} {[%emt 00:00:04]} 53.
Bb7 {[%clk 00:00:24]} {[%emt 00:00:02]} Ke6 {[%clk 00:00:15]} {[%emt 00:00:03]}
54. Kf3 {[%clk 00:00:24]} {[%emt 00:00:03]} Nb5 {[%clk 00:00:15]} {[%emt
00:00:05]} 55. Kg4 {[%clk 00:00:24]} {[%emt 00:00:07]} Kf6 {[%clk 00:00:15]}
{[%emt 00:00:02]} 56. d5 {[%clk 00:00:24]} {[%emt 00:00:01]} Nd6 {[%clk
00:00:15]} {[%emt 00:00:04]} 57. Bc6 {[%clk 00:00:24]} {[%emt 00:00:04]} Nc4
{[%clk 00:00:15]} {[%emt 00:00:04]} 58. Bb7 {[%clk 00:00:24]} {[%emt 00:00:09]}
Ne5+ {[%clk 00:00:15]} {[%emt 00:00:03]} 59. Kg3 {[%clk 00:00:24]} {[%emt
00:00:02]} Ke7 {[%clk 00:00:15]} {[%emt 00:00:02]} 60. Ba8 {[%clk 00:00:24]}
{[%emt 00:00:06]} Kd6 {[%clk 00:00:15]} 61. Bc6 {[%clk 00:00:24]} {[%emt
00:00:02]} Kc7 {[%clk 00:00:15]} {[%emt 00:00:08]} 62. Ba8 {[%clk 00:00:24]}
{[%emt 00:00:01]} Kb6 {[%clk 00:00:15]} {[%emt 00:00:04]} 63. Bc6 {[%clk
00:00:24]} {[%emt 00:00:04]} Kc5 {[%clk 00:00:15]} {[%emt 00:00:02]} 64. Bb7
{[%clk 00:00:24]} {[%emt 00:00:06]} Kd6 {[%clk 00:00:15]} {[%emt 00:00:07]} 65.
Bc6 {[%clk 00:00:24]} {[%emt 00:00:01]} Ke7 {[%clk 00:00:15]} {[%emt 00:00:01]}
66. Ba8 {[%clk 00:00:24]} {[%emt 00:00:01]} Kf6 {[%clk 00:00:15]} {[%emt
00:00:03]} 67. Bc6 {[%clk 00:00:24]} {[%emt 00:00:01]} Kf5 {[%clk 00:00:15]}
{[%emt 00:00:07]} 68. Bb7 {[%clk 00:00:24]} {[%emt 00:00:02]} Nc4 {[%clk
00:00:15]} {[%emt 00:00:06]} 69. Bc8+ {[%clk 00:00:21]} {[%emt 00:00:13]} Kf6
{[%clk 00:00:15]} {[%emt 00:00:04]} 70. Bh3 {[%clk 00:00:21]} {[%emt 00:00:07]}
Ke5 {[%clk 00:00:09]} {[%emt 00:00:16]} 71. Kg4 {[%clk 00:00:21]} {[%emt
00:00:09]} Kf6 {[%clk 00:00:09]} 72. Kg3 {[%clk 00:00:21]} {[%emt 00:00:01]}
Nd6 {[%clk 00:00:09]} 73. Bd7 {[%clk 00:00:21]} {[%emt 00:00:09]} Nf7 {[%clk
00:00:09]} {[%emt 00:00:05]} 74. Bh3 {[%clk 00:00:21]} {[%emt 00:00:06]} Ke5
{[%clk 00:00:09]} {[%emt 00:00:05]} 75. Be6 {[%clk 00:00:21]} {[%emt 00:00:03]}
Nd6 {[%clk 00:00:09]} {[%emt 00:00:06]} 76. Kg4 {[%clk 00:00:21]} {[%emt
00:00:06]} Kf6 {[%clk 00:00:09]} {[%emt 00:00:02]} 77. Kg3 {[%clk 00:00:21]}
{[%emt 00:00:07]} Ne4+ {[%clk 00:00:09]} {[%emt 00:00:02]} 78. Kg4 {[%clk
00:00:21]} {[%emt 00:00:07]} Nc3 {[%clk 00:00:09]} {[%emt 00:00:10]} 79. Kg3
{[%clk 00:00:21]} {[%emt 00:00:06]} Ne2+ {[%clk 00:00:09]} {[%emt 00:00:04]} 80.
Kg4 {[%clk 00:00:21]} {[%emt 00:00:06]} Nf4 {[%clk 00:00:09]} {[%emt 00:00:04]}
81. Bc8 {[%clk 00:00:21]} {[%emt 00:00:04]} Nd3 {[%clk 00:00:09]} {[%emt
00:00:07]} 82. d6 {[%clk 00:00:19]} {[%emt 00:00:11]} Ne5+ {[%clk 00:00:09]}
{[%emt 00:00:03]} 83. Kh5 {[%clk 00:00:19]} {[%emt 00:00:02]} Nf7 {[%clk
00:00:09]} {[%emt 00:00:06]} 84. Ba6 {[%clk 00:00:19]} {[%emt 00:00:09]} Nxd6
{[%clk 00:00:09]} {[%emt 00:00:01]} 85. Kg4 {[%clk 00:00:19]} {[%emt 00:00:04]}
Nf7 {[%clk 00:00:09]} {[%emt 00:00:01]} 86. Kg3 {[%clk 00:00:19]} {[%emt
00:00:03]} Ne5 {[%clk 00:00:09]} {[%emt 00:00:02]} 87. Bc8 {[%clk 00:00:19]}
{[%emt 00:00:01]} Ke7 {[%clk 00:00:09]} {[%emt 00:00:02]} 88. Bh3 {[%clk
00:00:19]} {[%emt 00:00:02]} Kd6 {[%clk 00:00:09]} 89. Bf5 {[%clk 00:00:19]}
{[%emt 00:00:02]} Kd5 {[%clk 00:00:09]} {[%emt 00:00:01]} 90. Bc8 {[%clk
00:00:19]} {[%emt 00:00:01]} Ke4 {[%clk 00:00:09]} {[%emt 00:00:01]} 91. Bb7+
{[%clk 00:00:19]} {[%emt 00:00:03]} Kf5 {[%clk 00:00:09]} {[%emt 00:00:03]} 92.
Bc8+ {[%emt 00:00:02]} Kf6 93. Bh3 {[%clk 00:00:19]} {[%emt 00:00:02]} Nd3
{[%clk 00:00:09]} {[%emt 00:00:04]} 94. Bc8 {[%clk 00:00:19]} {[%emt 00:00:06]}
Nc5 {[%clk 00:00:09]} {[%emt 00:00:07]} 95. Kg4 {[%clk 00:00:19]} {[%emt
00:00:07]} Nd3 {[%clk 00:00:09]} {[%emt 00:00:06]} 96. Kg3 {[%clk 00:00:19]}
{[%emt 00:00:05]} Nf4 {[%clk 00:00:09]} {[%emt 00:00:02]} 97. Bg4 {[%clk
00:00:19]} {[%emt 00:00:05]} Ke5 {[%clk 00:00:09]} {[%emt 00:00:06]} 98. Bc8
{[%clk 00:00:19]} {[%emt 00:00:03]} Nd5 {[%clk 00:00:09]} {[%emt 00:00:05]} 99.
Bb7 {[%clk 00:00:19]} {[%emt 00:00:06]} Ne3 {[%clk 00:00:09]} {[%emt 00:00:02]}
100. Bc8 {[%clk 00:00:19]} {[%emt 00:00:04]} Ke4 {[%clk 00:00:09]} {[%emt
00:00:05]} 101. Bb7+ {[%clk 00:00:19]} {[%emt 00:00:03]} Kf5 {[%clk 00:00:09]}
{[%emt 00:00:01]} 102. Bc8+ {[%clk 00:00:19]} {[%emt 00:00:01]} Ke5 {[%clk
00:00:09]} 103. Kf3 {[%clk 00:00:19]} {[%emt 00:00:06]} Nd5 {[%clk 00:00:09]}
{[%emt 00:00:08]} 104. Bb7 {[%clk 00:00:19]} {[%emt 00:00:06]} Nf6 {[%clk
00:00:09]} {[%emt 00:00:03]} 105. Kg3 {[%clk 00:00:19]} {[%emt 00:00:02]} Kf5
{[%clk 00:00:09]} {[%emt 00:00:05]} 106. Bc8+ {[%clk 00:00:19]} {[%emt
00:00:01]} Kg6 {[%clk 00:00:09]} 107. Bb7 {[%clk 00:00:19]} {[%emt 00:00:04]}
Nh5+ {[%clk 00:00:09]} {[%emt 00:00:04]} 108. Kg4 {[%clk 00:00:19]} {[%emt
00:00:02]} Nf6+ {[%clk 00:00:09]} 109. Kg3 {[%clk 00:00:19]} {[%emt 00:00:04]}
Ng8 {[%clk 00:00:07]} {[%emt 00:00:12]} 110. Be4+ {[%clk 00:00:19]} {[%emt
00:00:06]} Kf6 {[%clk 00:00:07]} {[%emt 00:00:01]} 111. Bb7 {[%clk 00:00:19]}
{[%emt 00:00:05]} Nh6 {[%clk 00:00:07]} {[%emt 00:00:01]} 112. Bc8 {[%clk
00:00:19]} {[%emt 00:00:02]} Ke5 {[%clk 00:00:07]} {[%emt 00:00:03]} 113. Bd7
{[%clk 00:00:19]} {[%emt 00:00:07]} Ng8 {[%clk 00:00:07]} {[%emt 00:00:06]} 114.
Kg4 {[%clk 00:00:16]} {[%emt 00:00:14]} Kf6 {[%clk 00:00:07]} 115. Ba4 {[%clk
00:00:16]} {[%emt 00:00:09]} Nh6+ {[%clk 00:00:07]} {[%emt 00:00:03]} 116. Kg3
{[%clk 00:00:16]} {[%emt 00:00:01]} Nf5+ {[%clk 00:00:07]} {[%emt 00:00:03]}
117. Kg4 {[%clk 00:00:16]} {[%emt 00:00:02]} Ne3+ {[%clk 00:00:07]} {[%emt
00:00:01]} 118. Kf3 {[%clk 00:00:16]} {[%emt 00:00:03]} Nc4 {[%clk 00:00:07]}
{[%emt 00:00:06]} 119. Bb5 {[%clk 00:00:12]} {[%emt 00:00:14]} Nd6 {[%clk
00:00:07]} {[%emt 00:00:01]} 120. Ba6 {[%clk 00:00:12]} {[%emt 00:00:05]} Kf5
{[%clk 00:00:07]} {[%emt 00:00:05]} 121. Bd3+ {[%clk 00:00:12]} {[%emt
00:00:02]} Kf6 {[%clk 00:00:07]} {[%emt 00:00:02]} 122. Kg4 {[%clk 00:00:12]}
{[%emt 00:00:02]} Nf7 {[%clk 00:00:07]} 123. Bc4 {[%clk 00:00:12]} {[%emt
00:00:02]} Ne5+ {[%clk 00:00:07]} 0-1

[Event "2024 US National High School (K-12) Championship"]
[Site "Baltimore, Maryland, United States"]
[Date "2024.04.05"]
[Round "1.9"]
[White "Park, Evan"]
[Black "Stevens, Adam Benjamin"]
[Result "1-0"]
[TimeControl "G/90; d10"]
[WhiteTitle "IM"]
[WhiteFideId "30931142"]
[BlackFideId "30999928"]
[WhiteElo "2452"]
[BlackElo "2035"]

1. e4 {[%clk 01:27:37]} {[%emt 00:02:33]} c6 {[%clk 01:29:50]} {[%emt
00:00:20]} 2. d4 {[%clk 01:26:27]} {[%emt 00:01:20]} d5 {[%clk 01:29:46]}
{[%emt 00:00:14]} 3. e5 {[%clk 01:26:27]} {[%emt 00:00:04]} Bf5 {[%clk
01:29:35]} {[%emt 00:00:21]} 4. Nf3 {[%clk 01:26:26]} {[%emt 00:00:11]} e6
{[%clk 01:29:10]} {[%emt 00:00:36]} 5. Be2 {[%clk 01:26:18]} {[%emt 00:00:17]}
Nd7 {[%clk 01:27:42]} {[%emt 00:01:38]} 6. O-O {[%clk 01:26:05]} {[%emt
00:00:24]} Ne7 {[%clk 01:27:24]} {[%emt 00:00:27]} 7. a4 {[%clk 01:24:16]}
{[%emt 00:02:00]} h6 {[%clk 01:25:27]} {[%emt 00:02:07]} 8. a5 {[%clk
01:24:15]} {[%emt 00:00:12]} a6 {[%clk 01:25:00]} {[%emt 00:00:36]} 9. b4
{[%clk 01:23:58]} {[%emt 00:00:27]} g5 {[%clk 01:22:38]} {[%emt 00:02:32]} 10.
Ne1 {[%clk 01:20:15]} {[%emt 00:03:52]} Rg8 {[%clk 01:18:09]} {[%emt 00:04:39]}
11. c3 {[%clk 01:17:10]} {[%emt 00:03:16]} Qc7 {[%clk 01:16:48]} {[%emt
00:01:31]} 12. Bh5 {[%clk 01:14:34]} {[%emt 00:02:46]} Bg6 {[%clk 01:10:54]}
{[%emt 00:06:03]} 13. Nd3 {[%clk 01:11:08]} {[%emt 00:03:36]} O-O-O {[%clk
01:06:24]} {[%emt 00:04:42]} 14. Na3 {[%clk 01:08:24]} {[%emt 00:02:54]} Kb8
{[%clk 01:03:29]} {[%emt 00:03:05]} 15. Ra2 {[%clk 01:02:08]} {[%emt 00:06:25]}
Ka8 {[%clk 00:56:04]} {[%emt 00:07:35]} 16. f4 {[%clk 00:59:13]} {[%emt
00:03:04]} g4 {[%clk 00:55:27]} {[%emt 00:00:48]} 17. Bxg6 {[%clk 00:59:13]}
{[%emt 00:00:09]} Rxg6 {[%clk 00:54:55]} {[%emt 00:00:42]} 18. Re2 {[%clk
00:57:04]} {[%emt 00:02:19]} Nf5 {[%clk 00:51:46]} {[%emt 00:03:18]} 19. Nc2
{[%clk 00:56:24]} {[%emt 00:00:51]} f6 {[%clk 00:45:32]} {[%emt 00:06:23]} 20.
Qe1 {[%clk 00:53:05]} {[%emt 00:03:29]} Re8 {[%clk 00:44:54]} {[%emt 00:00:48]}
21. exf6 {[%clk 00:51:23]} {[%emt 00:01:53]} Rxf6 {[%clk 00:44:41]} {[%emt
00:00:23]} 22. Ne3 {[%clk 00:49:17]} {[%emt 00:02:16]} Nxe3 {[%clk 00:38:19]}
{[%emt 00:06:32]} 23. Rxe3 {[%clk 00:49:17]} {[%emt 00:00:08]} Bd6 {[%clk
00:38:01]} {[%emt 00:00:28]} 24. g3 {[%clk 00:46:17]} {[%emt 00:03:10]} h5
{[%clk 00:36:15]} {[%emt 00:01:55]} 25. Qe2 {[%clk 00:43:16]} {[%emt 00:03:12]}
Ka7 {[%clk 00:34:50]} {[%emt 00:01:36]} 26. Bb2 {[%clk 00:39:31]} {[%emt
00:03:55]} Re7 {[%clk 00:27:57]} {[%emt 00:07:02]} 27. Nc5 {[%clk 00:38:17]}
{[%emt 00:01:24]} Bxc5 {[%clk 00:20:35]} {[%emt 00:07:31]} 28. dxc5 {[%clk
00:38:06]} {[%emt 00:00:22]} e5 {[%clk 00:19:14]} {[%emt 00:01:31]} 29. c4
{[%clk 00:37:03]} {[%emt 00:01:13]} Rfe6 {[%clk 00:17:32]} {[%emt 00:01:52]} 30.
Re1 {[%clk 00:35:14]} {[%emt 00:02:00]} e4 {[%clk 00:16:11]} {[%emt 00:01:30]}
31. cxd5 {[%clk 00:33:41]} {[%emt 00:01:43]} cxd5 {[%clk 00:16:11]} {[%emt
00:00:09]} 32. Qd2 {[%clk 00:32:15]} {[%emt 00:01:37]} Qc6 {[%clk 00:13:12]}
{[%emt 00:03:08]} 33. Rd1 {[%clk 00:32:10]} {[%emt 00:00:16]} Qb5 {[%clk
00:13:12]} {[%emt 00:00:10]} 34. Qxd5 {[%clk 00:30:19]} {[%emt 00:02:01]} Nb8
{[%clk 00:12:39]} {[%emt 00:00:42]} 35. f5 {[%clk 00:28:05]} {[%emt 00:02:24]}
Rd7 {[%clk 00:08:11]} {[%emt 00:04:39]} 36. fxe6 {[%clk 00:23:44]} {[%emt
00:04:31]} Rxd5 {[%clk 00:08:09]} {[%emt 00:00:12]} 37. Rxd5 {[%clk 00:23:44]}
{[%emt 00:00:02]} Nc6 {[%clk 00:06:59]} {[%emt 00:01:19]} 38. Rxe4 {[%clk
00:23:20]} {[%emt 00:00:34]} Ne7 {[%clk 00:06:14]} {[%emt 00:00:55]} 39. Rd7
{[%clk 00:22:23]} {[%emt 00:01:06]} Qc6 {[%clk 00:06:07]} {[%emt 00:00:19]} 40.
Re1 {[%clk 00:22:08]} {[%emt 00:00:17]} h4 {[%clk 00:05:32]} {[%emt 00:00:52]}
41. Bd4 {[%clk 00:12:40]} {[%emt 00:09:38]} h3 {[%clk 00:03:00]} {[%emt
00:02:42]} 42. Re2 {[%clk 00:12:09]} {[%emt 00:00:41]} Qf3 {[%clk 00:02:40]}
{[%emt 00:00:30]} 43. c6+ {[%clk 00:11:51]} {[%emt 00:00:28]} Kb8 {[%clk
00:02:26]} {[%emt 00:00:25]} 44. c7+ {[%clk 00:09:36]} {[%emt 00:02:25]} Kc8
{[%clk 00:02:06]} {[%emt 00:00:29]} 45. Bb6 {[%clk 00:09:20]} {[%emt 00:00:27]}
1-0